000 00486nam a2200193Ia 4500
003 0100
008 130303s9999 xx 000 0 und d
040 _cARRUPELIB
050 _aBV4208.U6L571995
100 _aLischer, Richard
245 4 _aThe preacher king
245 _bMartin Luther King, Jr. and the word that moved America
260 _aNY.
260 _bOX. Univ. Pr.
260 _C1995
300 _a344p
650 _bNigeria-Politics and Government-1960
942 0 0 _01
999 _c18457
_d18457